000 00889nas a2200289 4500
001 BR0802659
003 BR-BrBNA
005 20231205112039.0
007 ta
008 230509b bl.|||p| |||| 00| 00por d
040 _aBR-BrBNA
_bpor
_cBiblioteca Nacional de Agricultura
041 _a(Pt)
072 _aJ11
100 1 _aPinheiro, A.C.M.
100 1 _aVilas Boas, E.V. de B.
100 1 _aMesquita, C.T.
100 1 _aDoll, E.T.
245 1 _aPós-colheita de bananas-maçã submetidas ao 1-MCP e armazenadas à temperatura ambiente
650 _aBANANA MAÇÃ
650 _aPÓS-COLHEITA
650 _aARMAZENAMENTO
650 _aMATURAÇÃO
650 _aPRESERVAÇÃO DE ALIMENTO
773 0 _tCiência e Agrotecnologia (Brazil)
_xISSN 1413-7054
_g(Mar-Apr 2006), v. 30(2) p. 323-328
_wBR0802659
909 _a202311
_bLúcia
_c55
_dLúcia Elande
942 _2AGRIS
_n0
_cANA
999 _c195813
_d195813